<?xml version="1.0" encoding="UTF-8"?><?xml-stylesheet type="text/xsl" href="static/style.xsl"?><OAI-PMH xmlns="http://www.openarchives.org/OAI/2.0/" xmlns:xsi="http://www.w3.org/2001/XMLSchema-instance" xsi:schemaLocation="http://www.openarchives.org/OAI/2.0/ http://www.openarchives.org/OAI/2.0/OAI-PMH.xsd"><responseDate>2026-05-11T14:50:52Z</responseDate><request verb="GetRecord" identifier="oai:riubu.ubu.es:10259/7578" metadataPrefix="marc">https://riubu.ubu.es/oai/request</request><GetRecord><record><header><identifier>oai:riubu.ubu.es:10259/7578</identifier><datestamp>2023-03-23T01:05:15Z</datestamp><setSpec>com_10259_6256</setSpec><setSpec>com_10259_5086</setSpec><setSpec>com_10259_2604</setSpec><setSpec>col_10259_6257</setSpec></header><metadata><record xmlns="http://www.loc.gov/MARC21/slim" xmlns:doc="http://www.lyncode.com/xoai" xmlns:xsi="http://www.w3.org/2001/XMLSchema-instance" xmlns:dcterms="http://purl.org/dc/terms/" xsi:schemaLocation="http://www.loc.gov/MARC21/slim http://www.loc.gov/standards/marcxml/schema/MARC21slim.xsd">
<leader>00925njm 22002777a 4500</leader>
<datafield tag="042" ind1=" " ind2=" ">
<subfield code="a">dc</subfield>
</datafield>
<datafield tag="720" ind1=" " ind2=" ">
<subfield code="a">Fernández-Lázaro, Diego</subfield>
<subfield code="e">author</subfield>
</datafield>
<datafield tag="720" ind1=" " ind2=" ">
<subfield code="a">Seco-Calvo, Jesús</subfield>
<subfield code="e">author</subfield>
</datafield>
<datafield tag="720" ind1=" " ind2=" ">
<subfield code="a">Pascual-Fernández, Jorge</subfield>
<subfield code="e">author</subfield>
</datafield>
<datafield tag="720" ind1=" " ind2=" ">
<subfield code="a">Domínguez-Ortega, Carlos</subfield>
<subfield code="e">author</subfield>
</datafield>
<datafield tag="720" ind1=" " ind2=" ">
<subfield code="a">Valle Soto, Miguel del</subfield>
<subfield code="e">author</subfield>
</datafield>
<datafield tag="720" ind1=" " ind2=" ">
<subfield code="a">Mielgo Ayuso, Juan</subfield>
<subfield code="e">author</subfield>
</datafield>
<datafield tag="260" ind1=" " ind2=" ">
<subfield code="c">2022-12</subfield>
</datafield>
<datafield tag="520" ind1=" " ind2=" ">
<subfield code="a">Tribulus terrestris L. (TT) ingredients have anti-inflammatory and antioxidant activities,&#xd;
but their effects on exercise-induced muscle damage (EIMD) in trained athletes are uncertain. The&#xd;
purpose of this single-blind placebo-controlled trial, in accordance with CONSORT guidelines,&#xd;
was to examine the effect of 6 weeks of TT supplementation on muscle metabolism, inflammation&#xd;
biomarkers, and oxidant status. Thirty trained male CrossFit® athletes were randomly assigned to be&#xd;
supplemented with 770 mg/day of TT (intervention group (IG)) or receive a placebo daily (control&#xd;
group (CG)) for 6 weeks. Muscle damage enzymes, inflammation biomarkers, and Total Antioxidant&#xd;
Status (TAS) were assessed at baseline (T1), 21 days after baseline (T2), and after 42 days (T3). Grace, a&#xd;
Workout of the Day, was measured in T1 and T3. Statistical significance (p &lt; 0.05) was found between&#xd;
IG and CG in Lactate Dehydrogenase (LDH), C-reactive protein (CRP), and TAS levels at the end of&#xd;
the follow-up. Furthermore, TAS levels were significantly (p &lt; 0.05) lower at T2 and T3 relative to&#xd;
baseline in the IG, also LDH and CRP increased significantly (p &lt; 0.05) at T2 and T3 relative to baseline&#xd;
in the CG. No significant (p > 0.05) decreases in muscle damage or inflammation biomarkers were&#xd;
observed, although a slight downward trend was observed after 6 weeks for supplemented athletes.&#xd;
TT supplementation could attenuate the CrossFit® training program-induced oxidative stress, muscle&#xd;
damage, and inflammation which could be due to the natural antioxidant and anti-inflammatory&#xd;
properties of TT.</subfield>
</datafield>
<datafield tag="024" ind2=" " ind1="8">
<subfield code="a">http://hdl.handle.net/10259/7578</subfield>
</datafield>
<datafield tag="024" ind2=" " ind1="8">
<subfield code="a">10.3390/ijerph192316158</subfield>
</datafield>
<datafield tag="024" ind2=" " ind1="8">
<subfield code="a">1660-4601</subfield>
</datafield>
<datafield ind1=" " ind2=" " tag="653">
<subfield code="a">Tribulus terrestris L.</subfield>
</datafield>
<datafield ind1=" " ind2=" " tag="653">
<subfield code="a">Herbal supplementation</subfield>
</datafield>
<datafield ind1=" " ind2=" " tag="653">
<subfield code="a">Crossfit</subfield>
</datafield>
<datafield ind1=" " ind2=" " tag="653">
<subfield code="a">Muscle damage</subfield>
</datafield>
<datafield ind1=" " ind2=" " tag="653">
<subfield code="a">Inflammation response</subfield>
</datafield>
<datafield ind1=" " ind2=" " tag="653">
<subfield code="a">Exercise-induced oxidative stress</subfield>
</datafield>
<datafield tag="245" ind1="0" ind2="0">
<subfield code="a">6-Week Supplementation with Tribulus terrestris L. to Trained Male CrossFit® Athletes on Muscle, Inflammation, and Antioxidant Biomarkers: A Randomized, Single-Blind, Placebo-Controlled Trial</subfield>
</datafield>
</record></metadata></record></GetRecord></OAI-PMH>